Por un cambio en la salud de la población juvenil: cuaderno de UNICEF sobre programación para el desarrollo y la salud de la población juvenil

La presente publicación se basa en las experiencias programáticas de los países y las contrapartes que entre 1993 y1995 trabajaron conjuntamente a nivel interregional. Con este borrador se pretenden ejecutar las siguientes acciones: plantear los principales problemas que deben considerarse en aquell...

全面介绍

Guardado en:
书目详细资料
企业作者: UNICEF
格式: Texto
出版: s.l: UNICEF,
主题:
标签: 添加标签
没有标签, 成为第一个标记此记录!

MARC

LEADER 00000 a a2200000 04500
001 34999
003
040
090 |a 1004 U58c  
110 |a UNICEF  
245 |a Por un cambio en la salud de la población juvenil: cuaderno de UNICEF sobre programación para el desarrollo y la salud de la población juvenil  
260 |a s.l:   |b UNICEF,  
300 |a 163 p.  
300 |b il.  
520 |a La presente publicación se basa en las experiencias programáticas de los países y las contrapartes que entre 1993 y1995 trabajaron conjuntamente a nivel interregional. Con este borrador se pretenden ejecutar las siguientes acciones: plantear los principales problemas que deben considerarse en aquellos países donde es prioritario hacer cumplir y proteger los derechos a la salud, elaborar un marco de referencia para la programación con el fin de mejorar y mantener la salud y poner a disposición de los medios de comunicación, organizaciones y personas, guías y orientaciones con el fin de apoyar la agilización de los esfuerzos programáticos a nivel nacional que se concentren en asuntos de salud  
650 |a SALUD  
650 |a JUVENTUD  
650 |a AMERICA LATINA  
999 |c 10266  |d 10266